000 00194 a2200097 4500
001 41183
100 _aH
245 _aMaoz tang (urdu) w.o 1996
260 _aLahor
_b
_c
090 _c25406
_d25406
942 _aNUST-CAE
_cM
_c17121
999 _c276256
_d276256